| 000 | 00751nam a2200289Ia 4500 | ||
|---|---|---|---|
| 005 | 20260324114520.0 | ||
| 008 | 008 260324s9999 xx 000 0 eng d | ||
| 020 | _a9781003218258 | ||
| 037 | _aEBOOK | ||
| 040 | _aCRL | ||
| 040 | _beng | ||
| 040 | _cCRL | ||
| 041 | _2eng | ||
| 041 | _aeng | ||
| 084 | _qCRL | ||
| 100 |
_aDoug Gentilcore _91151084 |
||
| 245 | 0 | _aGetting from the Bar to the Boardroom | |
| 245 | 0 | _b25 Proven Sales Techniques for Relationship Building, Networking, Negotiating, and Dealmaking | |
| 260 | _bTaylor and Francis | ||
| 260 | _c2022 | ||
| 365 | _a | ||
| 365 | _b180 | ||
| 856 | _uhttp://www.taylorfrancis.com/books/9781003218258 | ||
| 942 | _cEBOOK | ||
| 999 |
_c1741303 _d1741303 |
||